<?xml version="1.0" encoding="UTF-8"?>
<record
    xmlns:xsi="http://www.w3.org/2001/XMLSchema-instance"
    xsi:schemaLocation="http://www.loc.gov/MARC21/slim http://www.loc.gov/standards/marcxml/schema/MARC21slim.xsd"
    xmlns="http://www.loc.gov/MARC21/slim">

  <leader>02604nas a2200325 i 4500</leader>
  <controlfield tag="001"> 47601</controlfield>
  <controlfield tag="003">DR-UNIBE</controlfield>
  <controlfield tag="005">20260129102956.0</controlfield>
  <controlfield tag="007">ta</controlfield>
  <controlfield tag="008">260129e1989    dr |||p|r||||||0| | spa d</controlfield>
  <datafield tag="040" ind1=" " ind2=" ">
    <subfield code="c">BIBLIOTECA UNIBE</subfield>
    <subfield code="a">BIBLIOTECA UNIBE</subfield>
    <subfield code="b">spa</subfield>
    <subfield code="d">DO-SdBNP</subfield>
    <subfield code="e">rda</subfield>
  </datafield>
  <datafield tag="041" ind1=" " ind2=" ">
    <subfield code="a">spa</subfield>
  </datafield>
  <datafield tag="110" ind1="2" ind2=" ">
    <subfield code="a">Universidad Iberoamericana (Santo Domingo, Rep&#xFA;blica Dominicana)</subfield>
    <subfield code="9">84319</subfield>
  </datafield>
  <datafield tag="245" ind1="0" ind2="0">
    <subfield code="a">Unibe informa : </subfield>
    <subfield code="b">bolet&#xED;n / </subfield>
    <subfield code="c">Universidad Iberoamericana (UNIBE).</subfield>
  </datafield>
  <datafield tag="264" ind1=" " ind2=" ">
    <subfield code="a">Santo Domingo, Rep&#xFA;blica Dominicana : </subfield>
    <subfield code="b">Universidad Iberoamericana (UNIBE), </subfield>
    <subfield code="c">1989.</subfield>
  </datafield>
  <datafield tag="300" ind1=" " ind2=" ">
    <subfield code="a">volumen :</subfield>
    <subfield code="b">ilustraciones, fotograf&#xED;as ;</subfield>
    <subfield code="c">31 x 21 cm.</subfield>
  </datafield>
  <datafield tag="310" ind1=" " ind2=" ">
    <subfield code="a">Cuatrimestral.</subfield>
  </datafield>
  <datafield tag="336" ind1=" " ind2=" ">
    <subfield code="a">texto</subfield>
    <subfield code="b">txt</subfield>
    <subfield code="2">rdacontent</subfield>
  </datafield>
  <datafield tag="337" ind1=" " ind2=" ">
    <subfield code="a">sin mediaci&#xF3;n </subfield>
    <subfield code="b">n</subfield>
    <subfield code="2">rdamedia</subfield>
  </datafield>
  <datafield tag="338" ind1=" " ind2=" ">
    <subfield code="a">volumen </subfield>
    <subfield code="b">nc </subfield>
    <subfield code="2">rdacarrier</subfield>
  </datafield>
  <datafield tag="362" ind1="0" ind2=" ">
    <subfield code="a">Volumen 2, n&#xFA;mero 12 (1989) - volumen 10, n&#xFA;mero 1 (enero-abril 1996) - volumen 10, n&#xFA;mero 2 (mayo-agosto 1996) - volumen 10, n&#xFA;mero 3 (septiembre-diciembre 1996) - volumen 11, n&#xFA;mero 1 (enero-abril 1997) - volumen 11, n&#xFA;meros 2-3 (mayo-diciembre 1997) - volumen 12, n&#xFA;mero 2 (mayo-agosto 1998) - volumen 12, n&#xFA;mero 3 (septiembre-diciembre 1998) - volumen 13, n&#xFA;mero 1 (enero-abril 1999) - volumen 13, n&#xFA;mero 2 (mayo-agosto 1999) - volumen 13, n&#xFA;mero 3 (septiembre-diciembre 1999) - volumen 14, n&#xFA;mero 1 (enero-abril 2000) - volumen 14, n&#xFA;mero 2 (mayo-agosto 2000) - volumen 14, n&#xFA;mero 3 (septiembre-diciembre 2000) - volumen 15, n&#xFA;mero 1 (enero-abril 2001) - volumen 15, n&#xFA;mero 2 (mayo-agosto 2001) - volumen 15, n&#xFA;mero 3 (septiembre-diciembre 2001) - volumen 16, n&#xFA;mero 1 (enero-abril 2002) - volumen 16, n&#xFA;meros 2-3 (mayo-diciembre 2002) - volumen 17, n&#xFA;meros 1-2 (enero-agosto 2003) - volumen 17, n&#xFA;mero 3 (septiembre-diciembre 2003) - volumen 18, n&#xFA;mero 1 (enero-abril 2004) - volumen 18, n&#xFA;mero 2 (mayo-agosto 2004) - volumen 18, n&#xFA;mero 3 (septiembre-diciembre 2004) - volumen 19, n&#xFA;meros 1-2 (enero-agosto 2005) - volumen 19, n&#xFA;mero 3 (septiembre-diciembre 2005) - volumen 20, n&#xFA;mero 1 (enero-abril 2006) - volumen 20, n&#xFA;mero 2 (mayo-agosto 2006) - volumen 20, n&#xFA;mero 3 (septiembre-diciembre 2006) - volumen 21, n&#xFA;mero 1 (enero-abril 2007) </subfield>
  </datafield>
  <datafield tag="500" ind1=" " ind2=" ">
    <subfield code="a">Catalogaci&#xF3;n basada en el n&#xFA;mero: Volumen 2, n&#xFA;mero 12 (1989).</subfield>
  </datafield>
  <datafield tag="650" ind1=" " ind2="7">
    <subfield code="a">Universidades </subfield>
    <subfield code="z">Rep&#xFA;blica Dominicana</subfield>
    <subfield code="9">5559</subfield>
    <subfield code="2">lemb</subfield>
  </datafield>
  <datafield tag="650" ind1=" " ind2="7">
    <subfield code="a">Educaci&#xF3;n superior </subfield>
    <subfield code="z">Rep&#xFA;blica Dominicana</subfield>
    <subfield code="9">2835</subfield>
    <subfield code="2">lemb</subfield>
  </datafield>
  <datafield tag="650" ind1=" " ind2="7">
    <subfield code="a">Ciencias sociales</subfield>
    <subfield code="2">lemb</subfield>
    <subfield code="9">177273</subfield>
  </datafield>
  <datafield tag="650" ind1=" " ind2="7">
    <subfield code="a">Cultura</subfield>
    <subfield code="9">59608</subfield>
    <subfield code="2">lemb</subfield>
  </datafield>
  <datafield tag="650" ind1=" " ind2="7">
    <subfield code="a">Literatura</subfield>
    <subfield code="9">59609</subfield>
    <subfield code="2">lemb</subfield>
  </datafield>
  <datafield tag="655" ind1=" " ind2="7">
    <subfield code="a">Publicaciones peri&#xF3;dicas</subfield>
    <subfield code="9">59610</subfield>
    <subfield code="2">lemb</subfield>
  </datafield>
  <datafield tag="942" ind1=" " ind2=" ">
    <subfield code="2">ddc</subfield>
    <subfield code="c">ISSUE</subfield>
  </datafield>
  <datafield tag="952" ind1=" " ind2=" ">
    <subfield code="0">0</subfield>
    <subfield code="1">0</subfield>
    <subfield code="2">ddc</subfield>
    <subfield code="4">0</subfield>
    <subfield code="5">6</subfield>
    <subfield code="7">0</subfield>
    <subfield code="8">SE</subfield>
    <subfield code="a">BNPHU</subfield>
    <subfield code="b">BNPHU</subfield>
    <subfield code="d">2026-01-29</subfield>
    <subfield code="h">Volumen 2, N&#xFA;mero 12 (1989) </subfield>
    <subfield code="l">0</subfield>
    <subfield code="p">2026-0382</subfield>
    <subfield code="r">2026-01-29</subfield>
    <subfield code="t">e.1</subfield>
    <subfield code="w">2026-01-29</subfield>
    <subfield code="y">ISSUE</subfield>
    <subfield code="z">Ante el reto del ma&#xF1;ana...</subfield>
  </datafield>
  <datafield tag="952" ind1=" " ind2=" ">
    <subfield code="0">0</subfield>
    <subfield code="1">0</subfield>
    <subfield code="2">ddc</subfield>
    <subfield code="4">0</subfield>
    <subfield code="5">6</subfield>
    <subfield code="7">0</subfield>
    <subfield code="8">SE</subfield>
    <subfield code="a">BNPHU</subfield>
    <subfield code="b">BNPHU</subfield>
    <subfield code="d">2026-01-29</subfield>
    <subfield code="h">Volumen 10, N&#xFA;mero 1 (enero-abril 1996) </subfield>
    <subfield code="l">0</subfield>
    <subfield code="p">2026-0383</subfield>
    <subfield code="r">2026-01-29</subfield>
    <subfield code="t">e.1</subfield>
    <subfield code="w">2026-01-29</subfield>
    <subfield code="y">ISSUE</subfield>
    <subfield code="z">Ante el reto del ma&#xF1;ana...</subfield>
  </datafield>
  <datafield tag="952" ind1=" " ind2=" ">
    <subfield code="0">0</subfield>
    <subfield code="1">0</subfield>
    <subfield code="2">ddc</subfield>
    <subfield code="4">0</subfield>
    <subfield code="5">6</subfield>
    <subfield code="7">0</subfield>
    <subfield code="8">SE</subfield>
    <subfield code="a">BNPHU</subfield>
    <subfield code="b">BNPHU</subfield>
    <subfield code="d">2026-01-29</subfield>
    <subfield code="h">Volumen 10, N&#xFA;mero 2 (mayo-agosto 1996) </subfield>
    <subfield code="l">0</subfield>
    <subfield code="p">2026-0384</subfield>
    <subfield code="r">2026-01-29</subfield>
    <subfield code="t">e.1</subfield>
    <subfield code="w">2026-01-29</subfield>
    <subfield code="y">ISSUE</subfield>
    <subfield code="z">Ante el reto del ma&#xF1;ana...</subfield>
  </datafield>
  <datafield tag="952" ind1=" " ind2=" ">
    <subfield code="0">0</subfield>
    <subfield code="1">0</subfield>
    <subfield code="2">ddc</subfield>
    <subfield code="4">0</subfield>
    <subfield code="5">6</subfield>
    <subfield code="7">0</subfield>
    <subfield code="8">SE</subfield>
    <subfield code="a">BNPHU</subfield>
    <subfield code="b">BNPHU</subfield>
    <subfield code="d">2026-01-29</subfield>
    <subfield code="h">Volumen 10, N&#xFA;mero 2 (mayo-agosto 1996) </subfield>
    <subfield code="l">0</subfield>
    <subfield code="p">2026-0385</subfield>
    <subfield code="r">2026-01-29</subfield>
    <subfield code="t">e.2</subfield>
    <subfield code="w">2026-01-29</subfield>
    <subfield code="y">ISSUE</subfield>
    <subfield code="z">Ante el reto del ma&#xF1;ana...</subfield>
  </datafield>
  <datafield tag="952" ind1=" " ind2=" ">
    <subfield code="0">0</subfield>
    <subfield code="1">0</subfield>
    <subfield code="2">ddc</subfield>
    <subfield code="4">0</subfield>
    <subfield code="5">6</subfield>
    <subfield code="7">0</subfield>
    <subfield code="8">SE</subfield>
    <subfield code="a">BNPHU</subfield>
    <subfield code="b">BNPHU</subfield>
    <subfield code="d">2026-01-29</subfield>
    <subfield code="h">A&#xF1;o 11, N&#xFA;mero 2-3, 1997 - A&#xF1;o 12, no. 1, 1998</subfield>
    <subfield code="l">0</subfield>
    <subfield code="p">2026-0386</subfield>
    <subfield code="r">2026-01-29</subfield>
    <subfield code="t">e.1</subfield>
    <subfield code="w">2026-01-29</subfield>
    <subfield code="y">ISSUE</subfield>
    <subfield code="z">Escuela de Dise&#xF1;o y Decoraci&#xF3;n, Arquitectura.</subfield>
  </datafield>
  <datafield tag="952" ind1=" " ind2=" ">
    <subfield code="0">0</subfield>
    <subfield code="1">0</subfield>
    <subfield code="2">ddc</subfield>
    <subfield code="4">0</subfield>
    <subfield code="5">6</subfield>
    <subfield code="7">0</subfield>
    <subfield code="8">SE</subfield>
    <subfield code="a">BNPHU</subfield>
    <subfield code="b">BNPHU</subfield>
    <subfield code="d">2026-01-29</subfield>
    <subfield code="h">A&#xF1;o 12, No. 3 (septiembre-diciembre 1998)</subfield>
    <subfield code="l">0</subfield>
    <subfield code="p">2026-0387</subfield>
    <subfield code="r">2026-01-29</subfield>
    <subfield code="t">e.1</subfield>
    <subfield code="w">2026-01-29</subfield>
    <subfield code="y">ISSUE</subfield>
    <subfield code="z">Medio Ambiente.</subfield>
  </datafield>
  <datafield tag="952" ind1=" " ind2=" ">
    <subfield code="0">0</subfield>
    <subfield code="1">0</subfield>
    <subfield code="2">ddc</subfield>
    <subfield code="4">0</subfield>
    <subfield code="5">6</subfield>
    <subfield code="7">0</subfield>
    <subfield code="8">SE</subfield>
    <subfield code="a">BNPHU</subfield>
    <subfield code="b">BNPHU</subfield>
    <subfield code="d">2026-01-29</subfield>
    <subfield code="h">A&#xF1;o 12, No. 3 (septiembre-diciembre 1998)</subfield>
    <subfield code="l">0</subfield>
    <subfield code="p">2026-0388</subfield>
    <subfield code="r">2026-01-29</subfield>
    <subfield code="t">e.2</subfield>
    <subfield code="w">2026-01-29</subfield>
    <subfield code="y">ISSUE</subfield>
    <subfield code="z">Medio Ambiente.</subfield>
  </datafield>
  <datafield tag="952" ind1=" " ind2=" ">
    <subfield code="0">0</subfield>
    <subfield code="1">0</subfield>
    <subfield code="2">ddc</subfield>
    <subfield code="4">0</subfield>
    <subfield code="5">6</subfield>
    <subfield code="7">0</subfield>
    <subfield code="8">SE</subfield>
    <subfield code="a">BNPHU</subfield>
    <subfield code="b">BNPHU</subfield>
    <subfield code="d">2026-01-29</subfield>
    <subfield code="h">A&#xF1;o 13, No. 1 (enero-abril 1999)</subfield>
    <subfield code="l">0</subfield>
    <subfield code="p">2026-0389</subfield>
    <subfield code="r">2026-01-29</subfield>
    <subfield code="t">e.1</subfield>
    <subfield code="w">2026-01-29</subfield>
    <subfield code="y">ISSUE</subfield>
    <subfield code="z">Escuela de Derecho.</subfield>
  </datafield>
  <datafield tag="952" ind1=" " ind2=" ">
    <subfield code="0">0</subfield>
    <subfield code="1">0</subfield>
    <subfield code="2">ddc</subfield>
    <subfield code="4">0</subfield>
    <subfield code="5">6</subfield>
    <subfield code="7">0</subfield>
    <subfield code="8">SE</subfield>
    <subfield code="a">BNPHU</subfield>
    <subfield code="b">BNPHU</subfield>
    <subfield code="d">2026-01-29</subfield>
    <subfield code="h">A&#xF1;o 13, No. 1 (enero-abril 1999)</subfield>
    <subfield code="l">0</subfield>
    <subfield code="p">2026-0390</subfield>
    <subfield code="r">2026-01-29</subfield>
    <subfield code="t">e.2</subfield>
    <subfield code="w">2026-01-29</subfield>
    <subfield code="y">ISSUE</subfield>
    <subfield code="z">Escuela de Derecho.</subfield>
  </datafield>
  <datafield tag="952" ind1=" " ind2=" ">
    <subfield code="0">0</subfield>
    <subfield code="1">0</subfield>
    <subfield code="2">ddc</subfield>
    <subfield code="4">0</subfield>
    <subfield code="5">6</subfield>
    <subfield code="7">0</subfield>
    <subfield code="8">SE</subfield>
    <subfield code="a">BNPHU</subfield>
    <subfield code="b">BNPHU</subfield>
    <subfield code="d">2026-01-29</subfield>
    <subfield code="h">A&#xF1;o 13, No. 1 (enero-abril 1999)</subfield>
    <subfield code="l">0</subfield>
    <subfield code="p">2026-0391</subfield>
    <subfield code="r">2026-01-29</subfield>
    <subfield code="t">e.3</subfield>
    <subfield code="w">2026-01-29</subfield>
    <subfield code="y">ISSUE</subfield>
    <subfield code="z">Escuela de Derecho.</subfield>
  </datafield>
  <datafield tag="952" ind1=" " ind2=" ">
    <subfield code="0">0</subfield>
    <subfield code="1">0</subfield>
    <subfield code="2">ddc</subfield>
    <subfield code="4">0</subfield>
    <subfield code="5">6</subfield>
    <subfield code="7">0</subfield>
    <subfield code="8">SE</subfield>
    <subfield code="a">BNPHU</subfield>
    <subfield code="b">BNPHU</subfield>
    <subfield code="d">2026-01-29</subfield>
    <subfield code="h">A&#xF1;o 13, No. 2 (mayo-agosto 1999)</subfield>
    <subfield code="l">0</subfield>
    <subfield code="p">2026-0392</subfield>
    <subfield code="r">2026-01-29</subfield>
    <subfield code="t">e.1</subfield>
    <subfield code="w">2026-01-29</subfield>
    <subfield code="y">ISSUE</subfield>
    <subfield code="z">Escuela de Administraci&#xF3;n de Empresas Tur&#xED;sticas y Hoteleras.</subfield>
  </datafield>
  <datafield tag="952" ind1=" " ind2=" ">
    <subfield code="0">0</subfield>
    <subfield code="1">0</subfield>
    <subfield code="2">ddc</subfield>
    <subfield code="4">0</subfield>
    <subfield code="5">6</subfield>
    <subfield code="7">0</subfield>
    <subfield code="8">SE</subfield>
    <subfield code="a">BNPHU</subfield>
    <subfield code="b">BNPHU</subfield>
    <subfield code="d">2026-01-29</subfield>
    <subfield code="h">A&#xF1;o 13, No. 2 (mayo-agosto 1999)</subfield>
    <subfield code="l">0</subfield>
    <subfield code="p">2026-0393</subfield>
    <subfield code="r">2026-01-29</subfield>
    <subfield code="t">e.2</subfield>
    <subfield code="w">2026-01-29</subfield>
    <subfield code="y">ISSUE</subfield>
    <subfield code="z">Escuela de Administraci&#xF3;n de Empresas Tur&#xED;sticas y Hoteleras.</subfield>
  </datafield>
  <datafield tag="952" ind1=" " ind2=" ">
    <subfield code="0">0</subfield>
    <subfield code="1">0</subfield>
    <subfield code="2">ddc</subfield>
    <subfield code="4">0</subfield>
    <subfield code="5">6</subfield>
    <subfield code="7">0</subfield>
    <subfield code="8">SE</subfield>
    <subfield code="a">BNPHU</subfield>
    <subfield code="b">BNPHU</subfield>
    <subfield code="d">2026-01-29</subfield>
    <subfield code="h">A&#xF1;o 13, No. 3 (septiembre-diciembre 1999)</subfield>
    <subfield code="l">0</subfield>
    <subfield code="p">2026-0394</subfield>
    <subfield code="r">2026-01-29</subfield>
    <subfield code="t">e.1</subfield>
    <subfield code="w">2026-01-29</subfield>
    <subfield code="y">ISSUE</subfield>
    <subfield code="z">Escuela de Medicina.</subfield>
  </datafield>
  <datafield tag="952" ind1=" " ind2=" ">
    <subfield code="0">0</subfield>
    <subfield code="1">0</subfield>
    <subfield code="2">ddc</subfield>
    <subfield code="4">0</subfield>
    <subfield code="5">6</subfield>
    <subfield code="7">0</subfield>
    <subfield code="8">SE</subfield>
    <subfield code="a">BNPHU</subfield>
    <subfield code="b">BNPHU</subfield>
    <subfield code="d">2026-01-29</subfield>
    <subfield code="h">A&#xF1;o 13, No. 3 (septiembre-diciembre 1999)</subfield>
    <subfield code="l">0</subfield>
    <subfield code="p">2026-0395</subfield>
    <subfield code="r">2026-01-29</subfield>
    <subfield code="t">e.2</subfield>
    <subfield code="w">2026-01-29</subfield>
    <subfield code="y">ISSUE</subfield>
    <subfield code="z">Escuela de Medicina.</subfield>
  </datafield>
  <datafield tag="952" ind1=" " ind2=" ">
    <subfield code="0">0</subfield>
    <subfield code="1">0</subfield>
    <subfield code="2">ddc</subfield>
    <subfield code="4">0</subfield>
    <subfield code="5">6</subfield>
    <subfield code="7">0</subfield>
    <subfield code="8">SE</subfield>
    <subfield code="a">BNPHU</subfield>
    <subfield code="b">BNPHU</subfield>
    <subfield code="d">2026-01-29</subfield>
    <subfield code="h">A&#xF1;o 14, No. 1 (enero-abril 2000)</subfield>
    <subfield code="l">0</subfield>
    <subfield code="p">2026-0396</subfield>
    <subfield code="r">2026-01-29</subfield>
    <subfield code="t">e.1</subfield>
    <subfield code="w">2026-01-29</subfield>
    <subfield code="y">ISSUE</subfield>
    <subfield code="z">Escuela de Comunicaci&#xF3;n Publicitaria.</subfield>
  </datafield>
  <datafield tag="952" ind1=" " ind2=" ">
    <subfield code="0">0</subfield>
    <subfield code="1">0</subfield>
    <subfield code="2">ddc</subfield>
    <subfield code="4">0</subfield>
    <subfield code="5">6</subfield>
    <subfield code="7">0</subfield>
    <subfield code="8">SE</subfield>
    <subfield code="a">BNPHU</subfield>
    <subfield code="b">BNPHU</subfield>
    <subfield code="d">2026-01-29</subfield>
    <subfield code="h">A&#xF1;o 14, No. 1 (enero-abril 2000)</subfield>
    <subfield code="l">0</subfield>
    <subfield code="p">2026-0397</subfield>
    <subfield code="r">2026-01-29</subfield>
    <subfield code="t">e.2</subfield>
    <subfield code="w">2026-01-29</subfield>
    <subfield code="y">ISSUE</subfield>
    <subfield code="z">Escuela de Comunicaci&#xF3;n Publicitaria.</subfield>
  </datafield>
  <datafield tag="952" ind1=" " ind2=" ">
    <subfield code="0">0</subfield>
    <subfield code="1">0</subfield>
    <subfield code="2">ddc</subfield>
    <subfield code="4">0</subfield>
    <subfield code="5">6</subfield>
    <subfield code="7">0</subfield>
    <subfield code="8">SE</subfield>
    <subfield code="a">BNPHU</subfield>
    <subfield code="b">BNPHU</subfield>
    <subfield code="d">2026-01-29</subfield>
    <subfield code="h">A&#xF1;o 14, No. 1 (enero-abril 2000)</subfield>
    <subfield code="l">0</subfield>
    <subfield code="p">2026-0398</subfield>
    <subfield code="r">2026-01-29</subfield>
    <subfield code="t">e.3</subfield>
    <subfield code="w">2026-01-29</subfield>
    <subfield code="y">ISSUE</subfield>
    <subfield code="z">Escuela de Comunicaci&#xF3;n Publicitaria.</subfield>
  </datafield>
  <datafield tag="952" ind1=" " ind2=" ">
    <subfield code="0">0</subfield>
    <subfield code="1">0</subfield>
    <subfield code="2">ddc</subfield>
    <subfield code="4">0</subfield>
    <subfield code="5">6</subfield>
    <subfield code="7">0</subfield>
    <subfield code="8">SE</subfield>
    <subfield code="a">BNPHU</subfield>
    <subfield code="b">BNPHU</subfield>
    <subfield code="d">2026-01-29</subfield>
    <subfield code="h">A&#xF1;o 14, No. 2 (mayo-agosto 2000)</subfield>
    <subfield code="l">0</subfield>
    <subfield code="p">2026-0494</subfield>
    <subfield code="r">2026-01-29</subfield>
    <subfield code="t">e.1</subfield>
    <subfield code="w">2026-01-29</subfield>
    <subfield code="y">ISSUE</subfield>
    <subfield code="z">Escuela de Odontolog&#xED;a.</subfield>
  </datafield>
  <datafield tag="952" ind1=" " ind2=" ">
    <subfield code="0">0</subfield>
    <subfield code="1">0</subfield>
    <subfield code="2">ddc</subfield>
    <subfield code="4">0</subfield>
    <subfield code="5">6</subfield>
    <subfield code="7">0</subfield>
    <subfield code="8">SE</subfield>
    <subfield code="a">BNPHU</subfield>
    <subfield code="b">BNPHU</subfield>
    <subfield code="d">2026-01-29</subfield>
    <subfield code="h">A&#xF1;o 14, No. 3 (septiembre-diciembre 2000)</subfield>
    <subfield code="l">0</subfield>
    <subfield code="p">2026-0400</subfield>
    <subfield code="r">2026-01-29</subfield>
    <subfield code="t">e.1</subfield>
    <subfield code="w">2026-01-29</subfield>
    <subfield code="y">ISSUE</subfield>
    <subfield code="z">Escuela de Administraci&#xF3;n de Empresas.</subfield>
  </datafield>
  <datafield tag="952" ind1=" " ind2=" ">
    <subfield code="0">0</subfield>
    <subfield code="1">0</subfield>
    <subfield code="2">ddc</subfield>
    <subfield code="4">0</subfield>
    <subfield code="5">6</subfield>
    <subfield code="7">0</subfield>
    <subfield code="8">SE</subfield>
    <subfield code="a">BNPHU</subfield>
    <subfield code="b">BNPHU</subfield>
    <subfield code="d">2026-01-29</subfield>
    <subfield code="h">A&#xF1;o 15, No. 1 (enero-abril 2001)</subfield>
    <subfield code="l">0</subfield>
    <subfield code="p">2026-0401</subfield>
    <subfield code="r">2026-01-29</subfield>
    <subfield code="t">e.1</subfield>
    <subfield code="w">2026-01-29</subfield>
    <subfield code="y">ISSUE</subfield>
    <subfield code="z">Biblioteca.</subfield>
  </datafield>
  <datafield tag="952" ind1=" " ind2=" ">
    <subfield code="0">0</subfield>
    <subfield code="1">0</subfield>
    <subfield code="2">ddc</subfield>
    <subfield code="4">0</subfield>
    <subfield code="5">6</subfield>
    <subfield code="7">0</subfield>
    <subfield code="8">SE</subfield>
    <subfield code="a">BNPHU</subfield>
    <subfield code="b">BNPHU</subfield>
    <subfield code="d">2026-01-29</subfield>
    <subfield code="h">A&#xF1;o 15, No. 1 (enero-abril 2001)</subfield>
    <subfield code="l">0</subfield>
    <subfield code="p">2026-0402</subfield>
    <subfield code="r">2026-01-29</subfield>
    <subfield code="t">e.2</subfield>
    <subfield code="w">2026-01-29</subfield>
    <subfield code="y">ISSUE</subfield>
    <subfield code="z">Biblioteca.</subfield>
  </datafield>
  <datafield tag="952" ind1=" " ind2=" ">
    <subfield code="0">0</subfield>
    <subfield code="1">0</subfield>
    <subfield code="2">ddc</subfield>
    <subfield code="4">0</subfield>
    <subfield code="5">6</subfield>
    <subfield code="7">0</subfield>
    <subfield code="8">SE</subfield>
    <subfield code="a">BNPHU</subfield>
    <subfield code="b">BNPHU</subfield>
    <subfield code="d">2026-01-29</subfield>
    <subfield code="h">A&#xF1;o 15, No. 2 (mayo-agosto 2001)</subfield>
    <subfield code="l">0</subfield>
    <subfield code="p">2026-0405</subfield>
    <subfield code="r">2026-01-29</subfield>
    <subfield code="t">e.1</subfield>
    <subfield code="w">2026-01-29</subfield>
    <subfield code="y">ISSUE</subfield>
    <subfield code="z">Escuela de Mercadeo.</subfield>
  </datafield>
  <datafield tag="952" ind1=" " ind2=" ">
    <subfield code="0">0</subfield>
    <subfield code="1">0</subfield>
    <subfield code="2">ddc</subfield>
    <subfield code="4">0</subfield>
    <subfield code="5">6</subfield>
    <subfield code="7">0</subfield>
    <subfield code="8">SE</subfield>
    <subfield code="a">BNPHU</subfield>
    <subfield code="b">BNPHU</subfield>
    <subfield code="d">2026-01-29</subfield>
    <subfield code="h">A&#xF1;o 15, No. 3 (septiembre-diciembre 2001)</subfield>
    <subfield code="l">0</subfield>
    <subfield code="p">2026-0407</subfield>
    <subfield code="r">2026-01-29</subfield>
    <subfield code="t">e.1</subfield>
    <subfield code="w">2026-01-29</subfield>
    <subfield code="y">ISSUE</subfield>
    <subfield code="z">Escuela de Psicolog&#xED;a. </subfield>
  </datafield>
  <datafield tag="952" ind1=" " ind2=" ">
    <subfield code="0">0</subfield>
    <subfield code="1">0</subfield>
    <subfield code="2">ddc</subfield>
    <subfield code="4">0</subfield>
    <subfield code="5">6</subfield>
    <subfield code="7">0</subfield>
    <subfield code="8">SE</subfield>
    <subfield code="a">BNPHU</subfield>
    <subfield code="b">BNPHU</subfield>
    <subfield code="d">2026-01-29</subfield>
    <subfield code="h">A&#xF1;o 15, No. 3 (septiembre-diciembre 2001)</subfield>
    <subfield code="l">0</subfield>
    <subfield code="p">2026-0408</subfield>
    <subfield code="r">2026-01-29</subfield>
    <subfield code="t">e.2</subfield>
    <subfield code="w">2026-01-29</subfield>
    <subfield code="y">ISSUE</subfield>
    <subfield code="z">Escuela de Psicolog&#xED;a. </subfield>
  </datafield>
  <datafield tag="952" ind1=" " ind2=" ">
    <subfield code="0">0</subfield>
    <subfield code="1">0</subfield>
    <subfield code="2">ddc</subfield>
    <subfield code="4">0</subfield>
    <subfield code="5">6</subfield>
    <subfield code="7">0</subfield>
    <subfield code="8">SE</subfield>
    <subfield code="a">BNPHU</subfield>
    <subfield code="b">BNPHU</subfield>
    <subfield code="d">2026-01-29</subfield>
    <subfield code="h">A&#xF1;o 15, No. 3 (septiembre-diciembre 2001)</subfield>
    <subfield code="l">0</subfield>
    <subfield code="p">2026-0409</subfield>
    <subfield code="r">2026-01-29</subfield>
    <subfield code="t">e.3</subfield>
    <subfield code="w">2026-01-29</subfield>
    <subfield code="y">ISSUE</subfield>
    <subfield code="z">Escuela de Psicolog&#xED;a. </subfield>
  </datafield>
  <datafield tag="952" ind1=" " ind2=" ">
    <subfield code="0">0</subfield>
    <subfield code="1">0</subfield>
    <subfield code="2">ddc</subfield>
    <subfield code="4">0</subfield>
    <subfield code="5">6</subfield>
    <subfield code="7">0</subfield>
    <subfield code="8">SE</subfield>
    <subfield code="a">BNPHU</subfield>
    <subfield code="b">BNPHU</subfield>
    <subfield code="d">2026-01-29</subfield>
    <subfield code="h">A&#xF1;o 16, No. 1 (enero-abril 2002)</subfield>
    <subfield code="l">0</subfield>
    <subfield code="p">2026-0410</subfield>
    <subfield code="r">2026-01-29</subfield>
    <subfield code="t">e.1</subfield>
    <subfield code="w">2026-01-29</subfield>
    <subfield code="y">ISSUE</subfield>
    <subfield code="z">UNIBE, 20 a&#xF1;os sirviendo al Ambiente.</subfield>
  </datafield>
  <datafield tag="952" ind1=" " ind2=" ">
    <subfield code="0">0</subfield>
    <subfield code="1">0</subfield>
    <subfield code="2">ddc</subfield>
    <subfield code="4">0</subfield>
    <subfield code="5">6</subfield>
    <subfield code="7">0</subfield>
    <subfield code="8">SE</subfield>
    <subfield code="a">BNPHU</subfield>
    <subfield code="b">BNPHU</subfield>
    <subfield code="d">2026-01-29</subfield>
    <subfield code="h">A&#xF1;o 16, No. 1 (enero-abril 2002)</subfield>
    <subfield code="l">0</subfield>
    <subfield code="p">2026-0411</subfield>
    <subfield code="r">2026-01-29</subfield>
    <subfield code="t">e.2</subfield>
    <subfield code="w">2026-01-29</subfield>
    <subfield code="y">ISSUE</subfield>
    <subfield code="z">UNIBE, 20 a&#xF1;os sirviendo al Ambiente.</subfield>
  </datafield>
  <datafield tag="952" ind1=" " ind2=" ">
    <subfield code="0">0</subfield>
    <subfield code="1">0</subfield>
    <subfield code="2">ddc</subfield>
    <subfield code="4">0</subfield>
    <subfield code="5">6</subfield>
    <subfield code="7">0</subfield>
    <subfield code="8">SE</subfield>
    <subfield code="a">BNPHU</subfield>
    <subfield code="b">BNPHU</subfield>
    <subfield code="d">2026-01-29</subfield>
    <subfield code="h">A&#xF1;o 16, No. 2-3 (mayo-septiembre 2002)</subfield>
    <subfield code="l">0</subfield>
    <subfield code="p">2026-0412</subfield>
    <subfield code="r">2026-01-29</subfield>
    <subfield code="t">e.1</subfield>
    <subfield code="w">2026-01-29</subfield>
    <subfield code="y">ISSUE</subfield>
    <subfield code="z">UNIBE, 20 a&#xF1;os Forjando L&#xED;deres.</subfield>
  </datafield>
  <datafield tag="952" ind1=" " ind2=" ">
    <subfield code="0">0</subfield>
    <subfield code="1">0</subfield>
    <subfield code="2">ddc</subfield>
    <subfield code="4">0</subfield>
    <subfield code="5">6</subfield>
    <subfield code="7">0</subfield>
    <subfield code="8">SE</subfield>
    <subfield code="a">BNPHU</subfield>
    <subfield code="b">BNPHU</subfield>
    <subfield code="d">2026-01-29</subfield>
    <subfield code="h">A&#xF1;o 16, No. 2-3 (mayo-septiembre 2002)</subfield>
    <subfield code="l">0</subfield>
    <subfield code="p">2026-0413</subfield>
    <subfield code="r">2026-01-29</subfield>
    <subfield code="t">e.2</subfield>
    <subfield code="w">2026-01-29</subfield>
    <subfield code="y">ISSUE</subfield>
    <subfield code="z">UNIBE, 20 a&#xF1;os Forjando L&#xED;deres.</subfield>
  </datafield>
  <datafield tag="952" ind1=" " ind2=" ">
    <subfield code="0">0</subfield>
    <subfield code="1">0</subfield>
    <subfield code="2">ddc</subfield>
    <subfield code="4">0</subfield>
    <subfield code="5">6</subfield>
    <subfield code="7">0</subfield>
    <subfield code="8">SE</subfield>
    <subfield code="a">BNPHU</subfield>
    <subfield code="b">BNPHU</subfield>
    <subfield code="d">2026-01-29</subfield>
    <subfield code="h">A&#xF1;o 17, No. 1-2 (enero-abril/mayo-agosto 2003)</subfield>
    <subfield code="l">0</subfield>
    <subfield code="p">2026-0414</subfield>
    <subfield code="r">2026-01-29</subfield>
    <subfield code="t">e.1</subfield>
    <subfield code="w">2026-01-29</subfield>
    <subfield code="y">ISSUE</subfield>
    <subfield code="z">C&#xED;rculo de Egresados de UNIBE.</subfield>
  </datafield>
  <datafield tag="952" ind1=" " ind2=" ">
    <subfield code="0">0</subfield>
    <subfield code="1">0</subfield>
    <subfield code="2">ddc</subfield>
    <subfield code="4">0</subfield>
    <subfield code="5">6</subfield>
    <subfield code="7">0</subfield>
    <subfield code="8">SE</subfield>
    <subfield code="a">BNPHU</subfield>
    <subfield code="b">BNPHU</subfield>
    <subfield code="d">2026-01-29</subfield>
    <subfield code="h">A&#xF1;o 17, No. 1-2 (enero-abril/mayo-agosto 2003)</subfield>
    <subfield code="l">0</subfield>
    <subfield code="p">2026-0415</subfield>
    <subfield code="r">2026-01-29</subfield>
    <subfield code="t">e.2</subfield>
    <subfield code="w">2026-01-29</subfield>
    <subfield code="y">ISSUE</subfield>
    <subfield code="z">C&#xED;rculo de Egresados de UNIBE.</subfield>
  </datafield>
  <datafield tag="952" ind1=" " ind2=" ">
    <subfield code="0">0</subfield>
    <subfield code="1">0</subfield>
    <subfield code="2">ddc</subfield>
    <subfield code="4">0</subfield>
    <subfield code="5">6</subfield>
    <subfield code="7">0</subfield>
    <subfield code="8">SE</subfield>
    <subfield code="a">BNPHU</subfield>
    <subfield code="b">BNPHU</subfield>
    <subfield code="d">2026-01-29</subfield>
    <subfield code="h">A&#xF1;o 17, No. 3 (septiembre-diciembre 2003)</subfield>
    <subfield code="l">0</subfield>
    <subfield code="p">2026-0416</subfield>
    <subfield code="r">2026-01-29</subfield>
    <subfield code="t">e.1</subfield>
    <subfield code="w">2026-01-29</subfield>
    <subfield code="y">ISSUE</subfield>
    <subfield code="z">Mercadexpo UNIBE 2003.</subfield>
  </datafield>
  <datafield tag="952" ind1=" " ind2=" ">
    <subfield code="0">0</subfield>
    <subfield code="1">0</subfield>
    <subfield code="2">ddc</subfield>
    <subfield code="4">0</subfield>
    <subfield code="5">6</subfield>
    <subfield code="7">0</subfield>
    <subfield code="8">SE</subfield>
    <subfield code="a">BNPHU</subfield>
    <subfield code="b">BNPHU</subfield>
    <subfield code="d">2026-01-29</subfield>
    <subfield code="h">A&#xF1;o 18, No. 1 (enero-abril 2004)</subfield>
    <subfield code="l">0</subfield>
    <subfield code="p">2026-0418</subfield>
    <subfield code="r">2026-01-29</subfield>
    <subfield code="t">e.1</subfield>
    <subfield code="w">2026-01-29</subfield>
    <subfield code="y">ISSUE</subfield>
    <subfield code="z">Homenaje a nuestro Fundador y Primer Rector, IN MEMORIAM.</subfield>
  </datafield>
  <datafield tag="952" ind1=" " ind2=" ">
    <subfield code="0">0</subfield>
    <subfield code="1">0</subfield>
    <subfield code="2">ddc</subfield>
    <subfield code="4">0</subfield>
    <subfield code="5">6</subfield>
    <subfield code="7">0</subfield>
    <subfield code="8">SE</subfield>
    <subfield code="a">BNPHU</subfield>
    <subfield code="b">BNPHU</subfield>
    <subfield code="d">2026-01-29</subfield>
    <subfield code="h">A&#xF1;o 18, No. 2 (mayo-agosto 2004)</subfield>
    <subfield code="l">0</subfield>
    <subfield code="p">2026-0419</subfield>
    <subfield code="r">2026-01-29</subfield>
    <subfield code="t">e.1</subfield>
    <subfield code="w">2026-01-29</subfield>
    <subfield code="y">ISSUE</subfield>
    <subfield code="z">Facultad de Ingenier&#xED;a. </subfield>
  </datafield>
  <datafield tag="952" ind1=" " ind2=" ">
    <subfield code="0">0</subfield>
    <subfield code="1">0</subfield>
    <subfield code="2">ddc</subfield>
    <subfield code="4">0</subfield>
    <subfield code="5">6</subfield>
    <subfield code="7">0</subfield>
    <subfield code="8">SE</subfield>
    <subfield code="a">BNPHU</subfield>
    <subfield code="b">BNPHU</subfield>
    <subfield code="d">2026-01-29</subfield>
    <subfield code="h">A&#xF1;o 18, No. 2 (mayo-agosto 2004)</subfield>
    <subfield code="l">0</subfield>
    <subfield code="p">2026-0420</subfield>
    <subfield code="r">2026-01-29</subfield>
    <subfield code="t">e.2</subfield>
    <subfield code="w">2026-01-29</subfield>
    <subfield code="y">ISSUE</subfield>
    <subfield code="z">Facultad de Ingenier&#xED;a. </subfield>
  </datafield>
  <datafield tag="952" ind1=" " ind2=" ">
    <subfield code="0">0</subfield>
    <subfield code="1">0</subfield>
    <subfield code="2">ddc</subfield>
    <subfield code="4">0</subfield>
    <subfield code="5">6</subfield>
    <subfield code="7">0</subfield>
    <subfield code="8">SE</subfield>
    <subfield code="a">BNPHU</subfield>
    <subfield code="b">BNPHU</subfield>
    <subfield code="d">2026-01-29</subfield>
    <subfield code="h">A&#xF1;o 18, No. 2 (mayo-agosto 2004)</subfield>
    <subfield code="l">0</subfield>
    <subfield code="p">2026-0421</subfield>
    <subfield code="r">2026-01-29</subfield>
    <subfield code="t">e.3</subfield>
    <subfield code="w">2026-01-29</subfield>
    <subfield code="y">ISSUE</subfield>
    <subfield code="z">Facultad de Ingenier&#xED;a. </subfield>
  </datafield>
  <datafield tag="952" ind1=" " ind2=" ">
    <subfield code="0">0</subfield>
    <subfield code="1">0</subfield>
    <subfield code="2">ddc</subfield>
    <subfield code="4">0</subfield>
    <subfield code="5">6</subfield>
    <subfield code="7">0</subfield>
    <subfield code="8">SE</subfield>
    <subfield code="a">BNPHU</subfield>
    <subfield code="b">BNPHU</subfield>
    <subfield code="d">2026-01-29</subfield>
    <subfield code="h">A&#xF1;o 18, No. 2 (mayo-agosto 2004)</subfield>
    <subfield code="l">0</subfield>
    <subfield code="p">2026-0422</subfield>
    <subfield code="r">2026-01-29</subfield>
    <subfield code="t">e.4</subfield>
    <subfield code="w">2026-01-29</subfield>
    <subfield code="y">ISSUE</subfield>
    <subfield code="z">Facultad de Ingenier&#xED;a. </subfield>
  </datafield>
  <datafield tag="952" ind1=" " ind2=" ">
    <subfield code="0">0</subfield>
    <subfield code="1">0</subfield>
    <subfield code="2">ddc</subfield>
    <subfield code="4">0</subfield>
    <subfield code="5">6</subfield>
    <subfield code="7">0</subfield>
    <subfield code="8">SE</subfield>
    <subfield code="a">BNPHU</subfield>
    <subfield code="b">BNPHU</subfield>
    <subfield code="d">2026-01-29</subfield>
    <subfield code="h">A&#xF1;o 18, No. 3 (septiembre-diciembre 2004)</subfield>
    <subfield code="l">0</subfield>
    <subfield code="p">2026-0423</subfield>
    <subfield code="r">2026-01-29</subfield>
    <subfield code="t">e.1</subfield>
    <subfield code="w">2026-01-29</subfield>
    <subfield code="y">ISSUE</subfield>
    <subfield code="z">Los Dominicos y su presencia intelectual en Rep&#xFA;blica Dominicana.</subfield>
  </datafield>
  <datafield tag="952" ind1=" " ind2=" ">
    <subfield code="0">0</subfield>
    <subfield code="1">0</subfield>
    <subfield code="2">ddc</subfield>
    <subfield code="4">0</subfield>
    <subfield code="5">6</subfield>
    <subfield code="7">0</subfield>
    <subfield code="8">SE</subfield>
    <subfield code="a">BNPHU</subfield>
    <subfield code="b">BNPHU</subfield>
    <subfield code="d">2026-01-29</subfield>
    <subfield code="h">A&#xF1;o 19, No. 1-2 (enero-abril/mayo-agosto 2005)</subfield>
    <subfield code="l">0</subfield>
    <subfield code="p">2026-0424</subfield>
    <subfield code="r">2026-01-29</subfield>
    <subfield code="t">e.1</subfield>
    <subfield code="w">2026-01-29</subfield>
    <subfield code="y">ISSUE</subfield>
    <subfield code="z">UNIBE otorga Doctorado Honoris Causa, Escuela de Educaci&#xF3;n.</subfield>
  </datafield>
  <datafield tag="952" ind1=" " ind2=" ">
    <subfield code="0">0</subfield>
    <subfield code="1">0</subfield>
    <subfield code="2">ddc</subfield>
    <subfield code="4">0</subfield>
    <subfield code="5">6</subfield>
    <subfield code="7">0</subfield>
    <subfield code="8">SE</subfield>
    <subfield code="a">BNPHU</subfield>
    <subfield code="b">BNPHU</subfield>
    <subfield code="d">2026-01-29</subfield>
    <subfield code="h">A&#xF1;o 19, No. 3 (septiembre-diciembre 2005)</subfield>
    <subfield code="l">0</subfield>
    <subfield code="p">2026-0425</subfield>
    <subfield code="r">2026-01-29</subfield>
    <subfield code="t">e.1</subfield>
    <subfield code="w">2026-01-29</subfield>
    <subfield code="y">ISSUE</subfield>
    <subfield code="z">Unidad de Postgrado de Odontolog&#xED;a.</subfield>
  </datafield>
  <datafield tag="952" ind1=" " ind2=" ">
    <subfield code="0">0</subfield>
    <subfield code="1">0</subfield>
    <subfield code="2">ddc</subfield>
    <subfield code="4">0</subfield>
    <subfield code="5">6</subfield>
    <subfield code="7">0</subfield>
    <subfield code="8">SE</subfield>
    <subfield code="a">BNPHU</subfield>
    <subfield code="b">BNPHU</subfield>
    <subfield code="d">2026-01-29</subfield>
    <subfield code="h">A&#xF1;o 19, No. 3 (septiembre-diciembre 2005)</subfield>
    <subfield code="l">0</subfield>
    <subfield code="p">2026-0426</subfield>
    <subfield code="r">2026-01-29</subfield>
    <subfield code="t">e.2</subfield>
    <subfield code="w">2026-01-29</subfield>
    <subfield code="y">ISSUE</subfield>
    <subfield code="z">Unidad de Postgrado de Odontolog&#xED;a.</subfield>
  </datafield>
  <datafield tag="952" ind1=" " ind2=" ">
    <subfield code="0">0</subfield>
    <subfield code="1">0</subfield>
    <subfield code="2">ddc</subfield>
    <subfield code="4">0</subfield>
    <subfield code="5">6</subfield>
    <subfield code="7">0</subfield>
    <subfield code="8">SE</subfield>
    <subfield code="a">BNPHU</subfield>
    <subfield code="b">BNPHU</subfield>
    <subfield code="d">2026-01-29</subfield>
    <subfield code="h">A&#xF1;o 20, No. 1 (enero-abril 2006)</subfield>
    <subfield code="l">0</subfield>
    <subfield code="p">2026-0429</subfield>
    <subfield code="r">2026-01-29</subfield>
    <subfield code="t">e.1</subfield>
    <subfield code="w">2026-01-29</subfield>
    <subfield code="y">ISSUE</subfield>
    <subfield code="z">Misi&#xF3;n, Visi&#xF3;n, Principios y Valores de UNIBE.</subfield>
  </datafield>
  <datafield tag="952" ind1=" " ind2=" ">
    <subfield code="0">0</subfield>
    <subfield code="1">0</subfield>
    <subfield code="2">ddc</subfield>
    <subfield code="4">0</subfield>
    <subfield code="5">6</subfield>
    <subfield code="7">0</subfield>
    <subfield code="8">SE</subfield>
    <subfield code="a">BNPHU</subfield>
    <subfield code="b">BNPHU</subfield>
    <subfield code="d">2026-01-29</subfield>
    <subfield code="h">A&#xF1;o 20, No. 1 (enero-abril 2006)</subfield>
    <subfield code="l">0</subfield>
    <subfield code="p">2026-0430</subfield>
    <subfield code="r">2026-01-29</subfield>
    <subfield code="t">e.1</subfield>
    <subfield code="w">2026-01-29</subfield>
    <subfield code="y">ISSUE</subfield>
    <subfield code="z">Misi&#xF3;n, Visi&#xF3;n, Principios y Valores de UNIBE.</subfield>
  </datafield>
  <datafield tag="952" ind1=" " ind2=" ">
    <subfield code="0">0</subfield>
    <subfield code="1">0</subfield>
    <subfield code="2">ddc</subfield>
    <subfield code="4">0</subfield>
    <subfield code="5">6</subfield>
    <subfield code="7">0</subfield>
    <subfield code="8">SE</subfield>
    <subfield code="a">BNPHU</subfield>
    <subfield code="b">BNPHU</subfield>
    <subfield code="d">2026-01-29</subfield>
    <subfield code="h">A&#xF1;o 20, No. 2 (mayo-agosto 2006)</subfield>
    <subfield code="l">0</subfield>
    <subfield code="p">2026-0436</subfield>
    <subfield code="r">2026-01-29</subfield>
    <subfield code="t">e.1</subfield>
    <subfield code="w">2026-01-29</subfield>
    <subfield code="y">ISSUE</subfield>
    <subfield code="z">Direcci&#xF3;n de Tecnolog&#xED;as de la Informaci&#xF3;n y Comunicaci&#xF3;n. </subfield>
  </datafield>
  <datafield tag="952" ind1=" " ind2=" ">
    <subfield code="0">0</subfield>
    <subfield code="1">0</subfield>
    <subfield code="2">ddc</subfield>
    <subfield code="4">0</subfield>
    <subfield code="5">6</subfield>
    <subfield code="7">0</subfield>
    <subfield code="8">SE</subfield>
    <subfield code="a">BNPHU</subfield>
    <subfield code="b">BNPHU</subfield>
    <subfield code="d">2026-01-29</subfield>
    <subfield code="h">A&#xF1;o 20, No. 3 (septiembre-diciembre 2006)</subfield>
    <subfield code="l">0</subfield>
    <subfield code="p">2026-0437</subfield>
    <subfield code="r">2026-01-29</subfield>
    <subfield code="t">e.2</subfield>
    <subfield code="w">2026-01-29</subfield>
    <subfield code="y">ISSUE</subfield>
    <subfield code="z">Direcci&#xF3;n de Comunicaciones. </subfield>
  </datafield>
  <datafield tag="952" ind1=" " ind2=" ">
    <subfield code="0">0</subfield>
    <subfield code="1">0</subfield>
    <subfield code="2">ddc</subfield>
    <subfield code="4">0</subfield>
    <subfield code="5">6</subfield>
    <subfield code="7">0</subfield>
    <subfield code="8">SE</subfield>
    <subfield code="a">BNPHU</subfield>
    <subfield code="b">BNPHU</subfield>
    <subfield code="d">2026-01-29</subfield>
    <subfield code="h">A&#xF1;o 21, No. 1 (enero-abril 2007)</subfield>
    <subfield code="l">0</subfield>
    <subfield code="p">2026-0438</subfield>
    <subfield code="r">2026-01-29</subfield>
    <subfield code="t">e.1</subfield>
    <subfield code="w">2026-01-29</subfield>
    <subfield code="y">ISSUE</subfield>
    <subfield code="z">&#xA1;Aniversario!</subfield>
  </datafield>
  <datafield tag="952" ind1=" " ind2=" ">
    <subfield code="0">0</subfield>
    <subfield code="1">0</subfield>
    <subfield code="2">ddc</subfield>
    <subfield code="4">0</subfield>
    <subfield code="5">6</subfield>
    <subfield code="7">0</subfield>
    <subfield code="8">SE</subfield>
    <subfield code="a">BNPHU</subfield>
    <subfield code="b">BNPHU</subfield>
    <subfield code="d">2026-01-29</subfield>
    <subfield code="h">A&#xF1;o 21, No. 1 (enero-abril 2007)</subfield>
    <subfield code="l">0</subfield>
    <subfield code="p">2026-0439</subfield>
    <subfield code="r">2026-01-29</subfield>
    <subfield code="t">e.2</subfield>
    <subfield code="w">2026-01-29</subfield>
    <subfield code="y">ISSUE</subfield>
    <subfield code="z">&#xA1;Aniversario!</subfield>
  </datafield>
  <datafield tag="952" ind1=" " ind2=" ">
    <subfield code="0">0</subfield>
    <subfield code="1">0</subfield>
    <subfield code="2">ddc</subfield>
    <subfield code="4">0</subfield>
    <subfield code="5">6</subfield>
    <subfield code="7">0</subfield>
    <subfield code="8">SE</subfield>
    <subfield code="a">BNPHU</subfield>
    <subfield code="b">BNPHU</subfield>
    <subfield code="d">2026-01-29</subfield>
    <subfield code="h">A&#xF1;o 20, No. 3 (septiembre-diciembre 2006)</subfield>
    <subfield code="l">0</subfield>
    <subfield code="p">2026-0440</subfield>
    <subfield code="r">2026-01-29</subfield>
    <subfield code="t">e.2</subfield>
    <subfield code="w">2026-01-29</subfield>
    <subfield code="y">ISSUE</subfield>
    <subfield code="z">Direcci&#xF3;n de Comunicaciones.</subfield>
  </datafield>
  <datafield tag="952" ind1=" " ind2=" ">
    <subfield code="0">0</subfield>
    <subfield code="1">0</subfield>
    <subfield code="2">ddc</subfield>
    <subfield code="4">0</subfield>
    <subfield code="5">6</subfield>
    <subfield code="7">0</subfield>
    <subfield code="8">SE</subfield>
    <subfield code="a">BNPHU</subfield>
    <subfield code="b">BNPHU</subfield>
    <subfield code="d">2026-01-29</subfield>
    <subfield code="h">A&#xF1;o 21, No. 3 (septiembre-diciembre 2007)</subfield>
    <subfield code="l">0</subfield>
    <subfield code="p">2026-0441</subfield>
    <subfield code="r">2026-01-29</subfield>
    <subfield code="t">e.1</subfield>
    <subfield code="w">2026-01-29</subfield>
    <subfield code="y">ISSUE</subfield>
    <subfield code="z">Los 27 Charcos de Damajagua.</subfield>
  </datafield>
  <datafield tag="952" ind1=" " ind2=" ">
    <subfield code="0">0</subfield>
    <subfield code="1">0</subfield>
    <subfield code="2">ddc</subfield>
    <subfield code="4">0</subfield>
    <subfield code="5">6</subfield>
    <subfield code="7">0</subfield>
    <subfield code="8">SE</subfield>
    <subfield code="a">BNPHU</subfield>
    <subfield code="b">BNPHU</subfield>
    <subfield code="d">2026-01-29</subfield>
    <subfield code="h">A&#xF1;o 21, No. 3 (septiembre-diciembre 2007)</subfield>
    <subfield code="l">0</subfield>
    <subfield code="p">2026-0442</subfield>
    <subfield code="r">2026-01-29</subfield>
    <subfield code="t">e.2</subfield>
    <subfield code="w">2026-01-29</subfield>
    <subfield code="y">ISSUE</subfield>
    <subfield code="z">Los 27 Charcos de Damajagua.</subfield>
  </datafield>
  <datafield tag="952" ind1=" " ind2=" ">
    <subfield code="0">0</subfield>
    <subfield code="1">0</subfield>
    <subfield code="2">ddc</subfield>
    <subfield code="4">0</subfield>
    <subfield code="5">6</subfield>
    <subfield code="7">0</subfield>
    <subfield code="8">SE</subfield>
    <subfield code="a">BNPHU</subfield>
    <subfield code="b">BNPHU</subfield>
    <subfield code="d">2026-01-29</subfield>
    <subfield code="h">A&#xF1;o 21, No. 3 (septiembre-diciembre 2007)</subfield>
    <subfield code="l">0</subfield>
    <subfield code="p">2026-0443</subfield>
    <subfield code="r">2026-01-29</subfield>
    <subfield code="t">e.3</subfield>
    <subfield code="w">2026-01-29</subfield>
    <subfield code="y">ISSUE</subfield>
    <subfield code="z">Los 27 Charcos de Damajagua.</subfield>
  </datafield>
  <datafield tag="952" ind1=" " ind2=" ">
    <subfield code="0">0</subfield>
    <subfield code="1">0</subfield>
    <subfield code="2">ddc</subfield>
    <subfield code="4">0</subfield>
    <subfield code="5">6</subfield>
    <subfield code="7">0</subfield>
    <subfield code="8">SE</subfield>
    <subfield code="a">BNPHU</subfield>
    <subfield code="b">BNPHU</subfield>
    <subfield code="d">2026-01-29</subfield>
    <subfield code="h">A&#xF1;o 21, No. 3 (septiembre-diciembre 2007)</subfield>
    <subfield code="l">0</subfield>
    <subfield code="p">2026-0444</subfield>
    <subfield code="r">2026-01-29</subfield>
    <subfield code="t">e.4</subfield>
    <subfield code="w">2026-01-29</subfield>
    <subfield code="y">ISSUE</subfield>
    <subfield code="z">Los 27 Charcos de Damajagua.</subfield>
  </datafield>
  <datafield tag="952" ind1=" " ind2=" ">
    <subfield code="0">0</subfield>
    <subfield code="1">0</subfield>
    <subfield code="2">ddc</subfield>
    <subfield code="4">0</subfield>
    <subfield code="5">6</subfield>
    <subfield code="7">0</subfield>
    <subfield code="8">SE</subfield>
    <subfield code="a">BNPHU</subfield>
    <subfield code="b">BNPHU</subfield>
    <subfield code="d">2026-01-29</subfield>
    <subfield code="h">A&#xF1;o 21, No. 3 (septiembre-diciembre 2007)</subfield>
    <subfield code="l">0</subfield>
    <subfield code="p">2026-0445</subfield>
    <subfield code="r">2026-01-29</subfield>
    <subfield code="t">e.5</subfield>
    <subfield code="w">2026-01-29</subfield>
    <subfield code="y">ISSUE</subfield>
    <subfield code="z">Los 27 Charcos de Damajagua.</subfield>
  </datafield>
  <datafield tag="952" ind1=" " ind2=" ">
    <subfield code="0">0</subfield>
    <subfield code="1">0</subfield>
    <subfield code="2">ddc</subfield>
    <subfield code="4">0</subfield>
    <subfield code="5">6</subfield>
    <subfield code="7">0</subfield>
    <subfield code="8">SE</subfield>
    <subfield code="a">BNPHU</subfield>
    <subfield code="b">BNPHU</subfield>
    <subfield code="d">2026-01-29</subfield>
    <subfield code="h">A&#xF1;o 22, No. 1 (enero-abril 2008)</subfield>
    <subfield code="l">0</subfield>
    <subfield code="p">2026-0447</subfield>
    <subfield code="r">2026-01-29</subfield>
    <subfield code="t">e.1</subfield>
    <subfield code="w">2026-01-29</subfield>
    <subfield code="y">ISSUE</subfield>
    <subfield code="z">Oh! Bama, perfil de un candidato hist&#xF3;rico. </subfield>
  </datafield>
  <datafield tag="952" ind1=" " ind2=" ">
    <subfield code="0">0</subfield>
    <subfield code="1">0</subfield>
    <subfield code="2">ddc</subfield>
    <subfield code="4">0</subfield>
    <subfield code="5">6</subfield>
    <subfield code="7">0</subfield>
    <subfield code="8">SE</subfield>
    <subfield code="a">BNPHU</subfield>
    <subfield code="b">BNPHU</subfield>
    <subfield code="d">2026-01-29</subfield>
    <subfield code="h">A&#xF1;o 22, No. 1 (enero-abril 2008)</subfield>
    <subfield code="l">0</subfield>
    <subfield code="p">2026-0448</subfield>
    <subfield code="r">2026-01-29</subfield>
    <subfield code="t">e.2</subfield>
    <subfield code="w">2026-01-29</subfield>
    <subfield code="y">ISSUE</subfield>
    <subfield code="z">Oh! Bama, perfil de un candidato hist&#xF3;rico. </subfield>
  </datafield>
  <datafield tag="952" ind1=" " ind2=" ">
    <subfield code="0">0</subfield>
    <subfield code="1">0</subfield>
    <subfield code="2">ddc</subfield>
    <subfield code="4">0</subfield>
    <subfield code="5">6</subfield>
    <subfield code="7">0</subfield>
    <subfield code="8">SE</subfield>
    <subfield code="a">BNPHU</subfield>
    <subfield code="b">BNPHU</subfield>
    <subfield code="d">2026-01-29</subfield>
    <subfield code="h">A&#xF1;o 22, No. 1 (enero-abril 2008)</subfield>
    <subfield code="l">0</subfield>
    <subfield code="p">2026-0449</subfield>
    <subfield code="r">2026-01-29</subfield>
    <subfield code="t">e.3</subfield>
    <subfield code="w">2026-01-29</subfield>
    <subfield code="y">ISSUE</subfield>
    <subfield code="z">Oh! Bama, perfil de un candidato hist&#xF3;rico. </subfield>
  </datafield>
  <datafield tag="952" ind1=" " ind2=" ">
    <subfield code="0">0</subfield>
    <subfield code="1">0</subfield>
    <subfield code="2">ddc</subfield>
    <subfield code="4">0</subfield>
    <subfield code="5">6</subfield>
    <subfield code="7">0</subfield>
    <subfield code="8">SE</subfield>
    <subfield code="a">BNPHU</subfield>
    <subfield code="b">BNPHU</subfield>
    <subfield code="d">2026-01-29</subfield>
    <subfield code="h">A&#xF1;o 22, No. 1 (enero-abril 2008)</subfield>
    <subfield code="l">0</subfield>
    <subfield code="p">2026-0450</subfield>
    <subfield code="r">2026-01-29</subfield>
    <subfield code="t">e.4</subfield>
    <subfield code="w">2026-01-29</subfield>
    <subfield code="y">ISSUE</subfield>
    <subfield code="z">Oh! Bama, perfil de un candidato hist&#xF3;rico. </subfield>
  </datafield>
  <datafield tag="952" ind1=" " ind2=" ">
    <subfield code="0">0</subfield>
    <subfield code="1">0</subfield>
    <subfield code="2">ddc</subfield>
    <subfield code="4">0</subfield>
    <subfield code="5">6</subfield>
    <subfield code="7">0</subfield>
    <subfield code="8">SE</subfield>
    <subfield code="a">BNPHU</subfield>
    <subfield code="b">BNPHU</subfield>
    <subfield code="d">2026-01-29</subfield>
    <subfield code="h">Volumen 22, N&#xFA;mero 2 (mayo-agosto 2008)</subfield>
    <subfield code="l">0</subfield>
    <subfield code="p">2026-0451</subfield>
    <subfield code="r">2026-01-29</subfield>
    <subfield code="t">e.1</subfield>
    <subfield code="w">2026-01-29</subfield>
    <subfield code="y">ISSUE</subfield>
    <subfield code="z">Sobre educaci&#xF3;n y escuela.</subfield>
  </datafield>
  <datafield tag="952" ind1=" " ind2=" ">
    <subfield code="0">0</subfield>
    <subfield code="1">0</subfield>
    <subfield code="2">ddc</subfield>
    <subfield code="4">0</subfield>
    <subfield code="5">6</subfield>
    <subfield code="7">0</subfield>
    <subfield code="8">SE</subfield>
    <subfield code="a">BNPHU</subfield>
    <subfield code="b">BNPHU</subfield>
    <subfield code="d">2026-01-29</subfield>
    <subfield code="h">Volumen 22, N&#xFA;mero 2 (mayo-agosto 2008)</subfield>
    <subfield code="l">0</subfield>
    <subfield code="p">2026-0452</subfield>
    <subfield code="r">2026-01-29</subfield>
    <subfield code="t">e.2</subfield>
    <subfield code="w">2026-01-29</subfield>
    <subfield code="y">ISSUE</subfield>
    <subfield code="z">Sobre educaci&#xF3;n y escuela.</subfield>
  </datafield>
  <datafield tag="952" ind1=" " ind2=" ">
    <subfield code="0">0</subfield>
    <subfield code="1">0</subfield>
    <subfield code="2">ddc</subfield>
    <subfield code="4">0</subfield>
    <subfield code="5">6</subfield>
    <subfield code="7">0</subfield>
    <subfield code="8">SE</subfield>
    <subfield code="a">BNPHU</subfield>
    <subfield code="b">BNPHU</subfield>
    <subfield code="d">2026-01-29</subfield>
    <subfield code="h">Volumen 22, N&#xFA;mero 2 (mayo-agosto 2008)</subfield>
    <subfield code="l">0</subfield>
    <subfield code="p">2026-0453</subfield>
    <subfield code="r">2026-01-29</subfield>
    <subfield code="t">e.3</subfield>
    <subfield code="w">2026-01-29</subfield>
    <subfield code="y">ISSUE</subfield>
    <subfield code="z">Sobre educaci&#xF3;n y escuela.</subfield>
  </datafield>
  <datafield tag="952" ind1=" " ind2=" ">
    <subfield code="0">0</subfield>
    <subfield code="1">0</subfield>
    <subfield code="2">ddc</subfield>
    <subfield code="4">0</subfield>
    <subfield code="5">6</subfield>
    <subfield code="7">0</subfield>
    <subfield code="8">SE</subfield>
    <subfield code="a">BNPHU</subfield>
    <subfield code="b">BNPHU</subfield>
    <subfield code="d">2026-01-29</subfield>
    <subfield code="h">Volumen 22, N&#xFA;mero 2 (mayo-agosto 2008)</subfield>
    <subfield code="l">0</subfield>
    <subfield code="p">2026-0454</subfield>
    <subfield code="r">2026-01-29</subfield>
    <subfield code="t">e.4</subfield>
    <subfield code="w">2026-01-29</subfield>
    <subfield code="y">ISSUE</subfield>
    <subfield code="z">Sobre educaci&#xF3;n y escuela.</subfield>
  </datafield>
  <datafield tag="952" ind1=" " ind2=" ">
    <subfield code="0">0</subfield>
    <subfield code="1">0</subfield>
    <subfield code="2">ddc</subfield>
    <subfield code="4">0</subfield>
    <subfield code="5">6</subfield>
    <subfield code="7">0</subfield>
    <subfield code="8">SE</subfield>
    <subfield code="a">BNPHU</subfield>
    <subfield code="b">BNPHU</subfield>
    <subfield code="d">2026-01-29</subfield>
    <subfield code="h">Volumen 22, N&#xFA;mero 3 (septiembre-diciembre 2008)</subfield>
    <subfield code="l">0</subfield>
    <subfield code="p">2026-0456</subfield>
    <subfield code="r">2026-01-29</subfield>
    <subfield code="t">e.1</subfield>
    <subfield code="w">2026-01-29</subfield>
    <subfield code="y">ISSUE</subfield>
    <subfield code="z">Evaluaci&#xF3;n del aprendizaje.</subfield>
  </datafield>
  <datafield tag="952" ind1=" " ind2=" ">
    <subfield code="0">0</subfield>
    <subfield code="1">0</subfield>
    <subfield code="2">ddc</subfield>
    <subfield code="4">0</subfield>
    <subfield code="5">6</subfield>
    <subfield code="7">0</subfield>
    <subfield code="8">SE</subfield>
    <subfield code="a">BNPHU</subfield>
    <subfield code="b">BNPHU</subfield>
    <subfield code="d">2026-01-29</subfield>
    <subfield code="h">Volumen 22, N&#xFA;mero 3 (septiembre-diciembre 2008)</subfield>
    <subfield code="l">0</subfield>
    <subfield code="p">2026-0457</subfield>
    <subfield code="r">2026-01-29</subfield>
    <subfield code="t">e.2</subfield>
    <subfield code="w">2026-01-29</subfield>
    <subfield code="y">ISSUE</subfield>
    <subfield code="z">Evaluaci&#xF3;n del aprendizaje.</subfield>
  </datafield>
  <datafield tag="952" ind1=" " ind2=" ">
    <subfield code="0">0</subfield>
    <subfield code="1">0</subfield>
    <subfield code="2">ddc</subfield>
    <subfield code="4">0</subfield>
    <subfield code="5">6</subfield>
    <subfield code="7">0</subfield>
    <subfield code="8">SE</subfield>
    <subfield code="a">BNPHU</subfield>
    <subfield code="b">BNPHU</subfield>
    <subfield code="d">2026-01-29</subfield>
    <subfield code="h">Volumen 22, N&#xFA;mero 3 (septiembre-diciembre 2008)</subfield>
    <subfield code="l">0</subfield>
    <subfield code="p">2026-0458</subfield>
    <subfield code="r">2026-01-29</subfield>
    <subfield code="t">e.3</subfield>
    <subfield code="w">2026-01-29</subfield>
    <subfield code="y">ISSUE</subfield>
    <subfield code="z">Evaluaci&#xF3;n del aprendizaje.</subfield>
  </datafield>
  <datafield tag="952" ind1=" " ind2=" ">
    <subfield code="0">0</subfield>
    <subfield code="1">0</subfield>
    <subfield code="2">ddc</subfield>
    <subfield code="4">0</subfield>
    <subfield code="5">6</subfield>
    <subfield code="7">0</subfield>
    <subfield code="8">SE</subfield>
    <subfield code="a">BNPHU</subfield>
    <subfield code="b">BNPHU</subfield>
    <subfield code="d">2026-01-29</subfield>
    <subfield code="h">Volumen 22, N&#xFA;mero 3 (septiembre-diciembre 2008)</subfield>
    <subfield code="l">0</subfield>
    <subfield code="p">2026-0459</subfield>
    <subfield code="r">2026-01-29</subfield>
    <subfield code="t">e.4</subfield>
    <subfield code="w">2026-01-29</subfield>
    <subfield code="y">ISSUE</subfield>
    <subfield code="z">Evaluaci&#xF3;n del aprendizaje.</subfield>
  </datafield>
  <datafield tag="952" ind1=" " ind2=" ">
    <subfield code="0">0</subfield>
    <subfield code="1">0</subfield>
    <subfield code="2">ddc</subfield>
    <subfield code="4">0</subfield>
    <subfield code="5">6</subfield>
    <subfield code="7">0</subfield>
    <subfield code="8">SE</subfield>
    <subfield code="a">BNPHU</subfield>
    <subfield code="b">BNPHU</subfield>
    <subfield code="d">2026-01-29</subfield>
    <subfield code="h">Volumen 22, N&#xFA;mero 3 (septiembre-diciembre 2008)</subfield>
    <subfield code="l">0</subfield>
    <subfield code="p">2026-0460</subfield>
    <subfield code="r">2026-01-29</subfield>
    <subfield code="t">e.5</subfield>
    <subfield code="w">2026-01-29</subfield>
    <subfield code="y">ISSUE</subfield>
    <subfield code="z">Evaluaci&#xF3;n del aprendizaje.</subfield>
  </datafield>
  <datafield tag="952" ind1=" " ind2=" ">
    <subfield code="0">0</subfield>
    <subfield code="1">0</subfield>
    <subfield code="2">ddc</subfield>
    <subfield code="4">0</subfield>
    <subfield code="5">6</subfield>
    <subfield code="7">0</subfield>
    <subfield code="8">SE</subfield>
    <subfield code="a">BNPHU</subfield>
    <subfield code="b">BNPHU</subfield>
    <subfield code="d">2026-01-29</subfield>
    <subfield code="h">Volumen 23, N&#xFA;mero 1 (enero-abril 2009)</subfield>
    <subfield code="l">0</subfield>
    <subfield code="p">2026-0461</subfield>
    <subfield code="r">2026-01-29</subfield>
    <subfield code="t">e.1</subfield>
    <subfield code="w">2026-01-29</subfield>
    <subfield code="y">ISSUE</subfield>
    <subfield code="z">Sinergia Gastron&#xF3;mica, L&#xED;der del Ma&#xF1;ana.</subfield>
  </datafield>
  <datafield tag="952" ind1=" " ind2=" ">
    <subfield code="0">0</subfield>
    <subfield code="1">0</subfield>
    <subfield code="2">ddc</subfield>
    <subfield code="4">0</subfield>
    <subfield code="5">6</subfield>
    <subfield code="7">0</subfield>
    <subfield code="8">SE</subfield>
    <subfield code="a">BNPHU</subfield>
    <subfield code="b">BNPHU</subfield>
    <subfield code="d">2026-01-29</subfield>
    <subfield code="h">Volumen 23, N&#xFA;mero 1 (enero-abril 2009)</subfield>
    <subfield code="l">0</subfield>
    <subfield code="p">2026-0462</subfield>
    <subfield code="r">2026-01-29</subfield>
    <subfield code="t">e.2</subfield>
    <subfield code="w">2026-01-29</subfield>
    <subfield code="y">ISSUE</subfield>
    <subfield code="z">Sinergia Gastron&#xF3;mica, L&#xED;der del Ma&#xF1;ana.</subfield>
  </datafield>
  <datafield tag="952" ind1=" " ind2=" ">
    <subfield code="0">0</subfield>
    <subfield code="1">0</subfield>
    <subfield code="2">ddc</subfield>
    <subfield code="4">0</subfield>
    <subfield code="5">6</subfield>
    <subfield code="7">0</subfield>
    <subfield code="8">SE</subfield>
    <subfield code="a">BNPHU</subfield>
    <subfield code="b">BNPHU</subfield>
    <subfield code="d">2026-01-29</subfield>
    <subfield code="h">Volumen 23, N&#xFA;mero 1 (enero-abril 2009)</subfield>
    <subfield code="l">0</subfield>
    <subfield code="p">2026-0463</subfield>
    <subfield code="r">2026-01-29</subfield>
    <subfield code="t">e.3</subfield>
    <subfield code="w">2026-01-29</subfield>
    <subfield code="y">ISSUE</subfield>
    <subfield code="z">Sinergia Gastron&#xF3;mica, L&#xED;der del Ma&#xF1;ana.</subfield>
  </datafield>
  <datafield tag="999" ind1=" " ind2=" ">
    <subfield code="c">60156</subfield>
    <subfield code="d">60156</subfield>
  </datafield>
</record>
